00431nam a22001337a 4500999001900000040001200019082001800031100002400049245003600073260005400109300001200163942001200175952011000187 c535046d535046 cMSOHAIL a621.3678bBHA aS. C. Bhatia929540 aFundamentals of Remote Sensing  aAtlantic Publishers & Distributors Pvt Ltdcc2018 a552;pxv 2ddccBK 00102ddc4070aNITbNITd2020-08-27l1o621.3678 BHApNIT-13104r2025-01-27s2024-11-19w2020-08-27yBK